Quiz dos Sete Continentes - Statistics

Estatísticas Gerais
  • Esse quiz foi jogado 172 vezes
  • A pontuação média é 7 de 7
Respostas no mapa
Respostas codificadas por cores de uma escala verde-vermelha no mapa do quiz de acordo com a % correta abaixo.
 
Estatísticas das Respostas
Continente % Correto
América do Norte
98%
América do Sul
98%
Ásia
98%
África
97%
Europa
97%
Oceania
96%
Antártica
85%
Nenhum quiz correspondente encontrado
Distribuição das Pontuações
Porcentagem de Pessoas com Cada Pontuação
Percentil de Números Respondidos
Sua Pontuação Histórica
Você não jogou esse quiz